000 00380pam a2200169 a 4500
020 _a1-40545-905-0
_c
041 _h
082 _a641.5
100 _aPARAGON
_eAuthor
245 _aBRITAINS FAVOURITE FOOD
_cPARAGON
_hTextual Documents
250 _a1ST
260 _aUK
_bPARRAGON PUB
300 _a288
653 _afood production
700 _eCo-Author
930 _a470
999 _c227871
_d227871